000 02275nam a22002177a 4500
005 20250616113540.0
008 250614b |||||||| |||| 00| 0 eng d
020 _a9788197923074
040 _cAL
041 _aKannada
082 _223
_a574.5K
_bANIJ
100 _aAnitha T ಅನಿತ ಟಿ
_9215106
245 _aJivajala
_bಜೀವಜಲ
260 _aMysore
_bAnu prakashana
_c2024
300 _axii,120 p.
_bPB
_c22x14 cm.
365 _c
_d₹150.00
520 _aಪರಿವಿಡಿ : 1) ಪ್ರವಾಸೋದ್ಯಮ ಮತ್ತು ಸಾಂಸ್ಕೃತಿಕ ಕೇಂದ್ರವಾಗಿ ಅಮಾನಿಕೆರೆ 2) ಜನಪದ ಐತಿಹ್ಯದ ಹಿನ್ನಲೆಯಲ್ಲಿ ಕೆರೆಗೆ ಹಾರವಾದ ಬಿಷ್ಟಮ್ಮ 3) ಕೆರೆಯ ನಿರ್ಮಾಣದ ಆಚರಣೆಗಳು 4) ಜನಪದ ಕಾವ್ಯಗಳಲ್ಲಿ ಕೆರೆಗೆ ಬಲಿ : ಒಂದು ಅವಲೋಕನ 5) ಕೊಲ್ಲಬೇಡಿ ಕೆರೆಗಳನ್ನು : ಉಳಿಸಿ ಜೀವರಾಶಿಯ ಜೀವನಾಡಿಗಳನ್ನು 6) ಗ್ರಾಮೀಣಾಭಿವೃದ್ಧಿಯಲ್ಲಿ ಜೀವನಾಡಿ ಕೆರೆಗಳು ಅಂದು ಇಂದು : ಒಂದು ಅವಲೋಕನ 7) ಕೆರೆಯ ನಿರ್ಮಾಣದಲ್ಲಿ ಬಲಿ : ಒಂದು ಚಾರಿತ್ರಿಕ ಅಧ್ಯಯನ 8) ಜಾನಪದ ಹಿನ್ನಲೆಯನ್ನು ಒಳಗೊಂಡಂತೆ ಪಾಳೆಯಗಾರರ ಕಾಲದ ಕೆರೆಗಳು ; ಒಂದು ಅಧ್ಯಯನ 9) ಮೂಕರೋಧನೆ ಅನುಭವಿಸುತ್ತಿರುವ ಜೀವನಾಡಿ ಕೆರೆಗಳು 10) ನಾಡಗೌಡ ಕೆಂಪೇಗೌಡರು ಕಟ್ಟಿದ ಬೆಂಗಳೂರಿನ ಕೆರೆಗಳಿಗೆ ಒದಗಿ ಬಂದಿರುವ ದುಸ್ಥಿತಿ 11) ಅಣಜಿ ಹೊನ್ನಮ್ಮನ ಕೆರೆ 12) ಪ್ರವಾಸಿ ತಾಣ ಹಾಗೂ ಧಾರ್ಮಿಕ ಕ್ಷೇತ್ರವಾಗಿ-ತೊಣ್ಣೂರು ಕೆರೆ, ಆಕರ ಗ್ರಂಥಗಳು
650 _aEnvironment ಪ್ರಕೃತಿ
_9215036
650 _aKeregalu ಕೆರೆಗಳು
_9215037
942 _2ddc
_cDB
999 _c234452
_d234452